| 000 | 00422nam a22001697a 4500 | ||
|---|---|---|---|
| 005 | 20260224162327.0 | ||
| 008 | 260224b |||||||| |||| 00| 0 eng d | ||
| 041 | _aeng | ||
| 082 | _a615.53 MIT-R | ||
| 100 |
_aROY, MITRA AND SUBBARAYAPPA _98860 |
||
| 245 | _aRASARNAVAKALPA | ||
| 250 | _a1st Ed. | ||
| 260 |
_aNEW DELHI _bINDIAN NATIONAL SCIENCE ACADEMY _c1976 |
||
| 300 | _a174;P | ||
| 650 |
_aBGP _98859 |
||
| 942 | _cBK | ||
| 999 |
_c9033 _d9031 |
||